| 000 | 00720cam a2200193 4500 | ||
|---|---|---|---|
| 008 | 020327n 000 0 eng u | ||
| 035 | _a(Sirsi) u117258 | ||
| 110 |
_aSurveyors' Institution, Scottish Branch _94208 |
||
| 245 | _aMinute books 14/01/1897 - 16/12/1930 | ||
| 505 | _aNo 1 14/01/1897-17/09/1925 | ||
| 505 | _aNo 2 21/10/1925-16/12/1930 | ||
| 520 | _aInclude Scottish Committees, Sub-Committees, printed programmes, press-cuttings, etc. Superseded by Chartered Surveyors' Institution, Scottish Branch | ||
| 650 | _aHISTORY | ||
| 650 | _aMINUTE BOOK | ||
| 650 | _aSURVEYING ASSOCIATIONS | ||
| 650 | _aSURVEYING PROFESSION | ||
| 690 | _aMANAGEMENT-BUSINESS MANAGEMENT-PROFESSIONAL PRACTICE | ||
| 942 | _n0 | ||
| 999 |
_c101967 _d101967 |
||